A guide to the Psalms / (Record no. 3709)

MARC details
000 -LEADER
fixed length control field 01048pam a2200289 a 4500
001 - CONTROL NUMBER
control field 4907852
003 - CONTROL NUMBER IDENTIFIER
control field GBCCL
005 - DATE AND TIME OF LATEST TRANSACTION
control field 20241126110501.0
008 - FIXED-LENGTH DATA ELEMENTS--GENERAL INFORMATION
fixed length control field 940909r19951978miu b 001 0 eng
010 ## -
-- 94037812
020 ## - INTERNATIONAL STANDARD BOOK NUMBER
International Standard Book Number 0825437733
020 ## - INTERNATIONAL STANDARD BOOK NUMBER
International Standard Book Number 082543775X (pbk.)
040 ## - CATALOGING SOURCE
Original cataloging agency DLC
Transcribing agency DLC
Modifying agency DLC
050 00 -
-- BS1422
-- 1995
082 00 - DEWEY DECIMAL CLASSIFICATION NUMBER
Classification number 223.2077
Edition information 20
Item number SCR
100 1# - MAIN ENTRY--PERSONAL NAME
Personal name Scroggie, W. Graham
Fuller form of name (William Graham),
Dates associated with a name 1877-1958.
9 (RLIN) 7537
245 12 - TITLE STATEMENT
Title A guide to the Psalms /
Statement of responsibility, etc. W. Graham Scroggie.
260 ## - PUBLICATION, DISTRIBUTION, ETC.
Place of publication, distribution, etc. Grand Rapids, MI :
Name of publisher, distributor, etc. Kregel Publications,
Date of publication, distribution, etc. c1995.
300 ## - PHYSICAL DESCRIPTION
Extent 288, 301, 302, 327 p. ;
Dimensions 22 cm.
500 ## - GENERAL NOTE
General note Previously published: F.H Revell, 1978.
500 ## - GENERAL NOTE
General note On cover: A comprehensive analysis of the Psalms.
504 ## - BIBLIOGRAPHY, ETC. NOTE
Bibliography, etc. note Includes bibliographical references (p. 43-44, 1st group) and indexes.
630 00 - SUBJECT ADDED ENTRY--UNIFORM TITLE
Uniform title Bible.
Name of part/section of a work Psalms
General subdivision Introductions.
9 (RLIN) 7538
906 ## - LOCAL DATA ELEMENT F, LDF (RLIN)
a 7
b cbc
c orignew
d 1
e ocip
f 19
g y-gencatlg
942 ## - ADDED ENTRY ELEMENTS (KOHA)
Source of classification or shelving scheme Dewey Decimal Classification
Koha item type Books
Koha issues (borrowed), all copies 6
Holdings
Withdrawn status Lost status Source of classification or shelving scheme Damaged status Not for loan Home library Current Library Shelving location Date acquired Total checkouts Full call number Barcode Date last seen Date last checked out Copy number Price effective from Koha item type
    Dewey Decimal Classification     GRACE BIBLE COLLEGE GRACE BIBLE COLLEGE Biblical Studies 2017-12-05 7 223.2077 SCR 009895 2025-05-01 2025-02-07 c.1 2017-12-05 Books
© Grace Bible College Library 2025